Loading...
| Ancient History and Archaeology | 1 | 20.00 | 100% | 100% | 0% |
| Beliefs | 2 | 5.00 | 50% | 0% | 0% |
| British and Commonwealth History | 1 | 10.00 | 100% | 0% | 0% |
| Fine Arts - Auditory Fine Arts | 2 | 10.00 | 50% | 50% | 0% |
| Fine Arts - Visual Fine Arts | 2 | 0.00 | 0% | 0% | 0% |
| History - American History | 1 | 10.00 | 100% | 0% | 0% |
| History - European History | 2 | 5.00 | 50% | 0% | 0% |
| History - World History | 2 | 5.00 | 50% | 0% | 0% |
| Literature - American Literature | 1 | 10.00 | 100% | 0% | 0% |
| Literature - European Literature | 2 | 0.00 | 0% | 0% | 0% |
| Other Arts: Auditory | 1 | 0.00 | 0% | 0% | 0% |
| Other Arts: Visual | 1 | 0.00 | 0% | 0% | 0% |
| Other Science: Computer Science | 2 | 10.00 | 50% | 50% | 0% |
| Philosophy | 2 | 10.00 | 100% | 0% | 0% |
| Science - Biology | 2 | 10.00 | 50% | 50% | 0% |
| Science - Chemistry | 2 | 0.00 | 0% | 0% | 0% |
| Social Science | 3 | 10.00 | 67% | 33% | 0% |
| World and Other Literature | 2 | 0.00 | 0% | 0% | 0% |